Manual de campo de medicina del deporte: Clínica Hughston
Saved in:
| Main Authors: | , , |
|---|---|
| Format: | Bog |
| Sprog: | spansk |
| Udgivet: |
Buenos Aires
Panamericana
1998
|
| Fag: | |
| Tags: |
Tilføj Tag
Ingen Tags, Vær først til at tagge denne postø!
|
MARC
| LEADER | 00000nam a2200000 a 4500 | ||
|---|---|---|---|
| 001 | UCQ5860 | ||
| 003 | CL-VaPUC | ||
| 008 | 981009e19980000AG |||||||||||||||||spa|d | ||
| 082 | 0 | 4 | |a 617.102 |b BAK |2 21 |
| 100 | 0 | |a Baker, Champ L |e author |9 419864 | |
| 700 | 0 | |a Flandry, Fred |e author |9 419865 | |
| 700 | |a Henderson, John M |e author |9 419866 | ||
| 245 | 1 | 0 | |a Manual de campo de medicina del deporte: Clínica Hughston |
| 300 | |a 399 p | ||
| 942 | |c BK | ||
| 945 | |d 19981009 00:00:00 |a aarredon | ||
| 260 | |a Buenos Aires |b Panamericana |c 1998 | ||
| 650 | 0 | |a Medicina deportiva |9 307562 | |
| 650 | 7 | |a LESIONES |2 CL-VaPUC |9 341963 | |
| 650 | 7 | |a MEDICINA FISICA |2 CL-VaPUC |9 307380 | |
| 650 | 7 | |a DISLOCACION |2 CL-VaPUC |9 342066 | |
| 650 | 0 | |a Deportes |9 224367 | |
| 650 | 0 | |a Atletismo |9 307422 | |
| 650 | 0 | |a Articulaciones |9 324125 | |
| 650 | 7 | |a FRACTURAS |2 CL-VaPUC |9 381294 | |
| 583 | |a last modification |c 19981009 00:00:00 |k Rodrigo Vera | ||
| 999 | |c 275974 |d 275972 | ||
| 952 | |0 0 |1 0 |4 0 |6 617_102000000000000_BAK_1998 |7 0 |8 A |9 313039 |a BIBCUR |b BIBCUR |d 2019-11-20 |i 3469018 |o 617.102 BAK 1998 |p 3469018 |r 2025-04-22 |w 2019-11-20 |y BK |k KIN | ||